Người đàn bà trong cồn cát =The woman in the dunes

Αποθηκεύτηκε σε:
Λεπτομέρειες βιβλιογραφικής εγγραφής
Κύριος συγγραφέας: Kôbô Abê
Μορφή: Βιβλίο
Γλώσσα:Vietnamese
Έκδοση: Văn học 1999
Θέματα:
Ετικέτες: Προσθήκη ετικέτας
Δεν υπάρχουν, Καταχωρήστε ετικέτα πρώτοι!
Thư viện lưu trữ: Mạng thư viện Đại học Đà Nẵng
LEADER 00987nam a2200313 a 4500
001 000003710
003 04184
005 20171229145311.0
008 171229s1999 vie
040 |a LSK 
041 0 |a VIE 
082 0 |a 895.6  |b AB-K 
100 1 |a Kôbô Abê 
245 0 0 |a Người đàn bà trong cồn cát =The woman in the dunes 
260 |b Văn học  |c 1999 
300 |a 223 pages  |c 18 cm. 
653 |a Văn học - Nhật Bản - Tiểu thuyết 
852 |a Phòng Đọc 
901 |a 2 
927 |a Sách tham khảo 
OWN |a LSK 
AVA |a UDN50  |b LSK  |d 895.6 AB-K  |e available  |t Error 5001 Not defined in file expand_doc_bib_avail.  |f 2  |g 0  |h N  |i 0  |k 1 
999 |a From the UDN01 
AVA |a UDN50  |b LSK  |d 895.6 AB-K  |e available  |t Error 5001 Not defined in file expand_doc_bib_avail.  |f 2  |g 0  |h N  |i 0  |k 1 
TYP |a Monograph 
TYP |a Printed language 
980 |a Mạng thư viện Đại học Đà Nẵng